000 00634nam a2200277Ia 4500
008 160525s9999||||xx |||||||||||||| ||und||
040 _cEnglish
082 _aXI.F/Times
082 _bBORI-96236
100 _aGeorge Gordon
245 _aThird Leader
260 _aLondon
260 _bEdward Arnorld
300 _a256
300 _cA
300 _eHardbound
530 _u00096236.pdf
563 _aStudy
600 _aGeorge Gordon
630 _aThird Leader
650 _aEnglish Literature
650 _aGeneral Indology
700 _aGeorge Gordon
730 _aThird Leader
942 _cBOOK
999 _c1385491
_d1385488